The Marías - No One Noticed - Statistics

General Stats
  • This quiz has been taken 355 times
  • The average score is 216 of 269
Answer Stats
Answer % Correct
I
100%
(I
100%
I)
100%
on,
100%
on
100%
No
98%
not
97%
noticed
97%
one
96%
a
95%
me)
95%
me,
95%
me
95%
(be
94%
be
94%
you
94%
it
93%
To
92%
to
92%
my
90%
mind
88%
get
87%
your
87%
if
86%
If
86%
leave
85%
city
84%
city,
84%
don't
84%
Hold
84%
Lost
84%
lost
84%
face
83%
May
83%
see
83%
Come
82%
console
82%
then
82%
trace
82%
can't
81%
easy,
81%
easy
81%
fly
81%
Fly
81%
I'll
81%
Maybe
81%
(maybe
81%
without
81%
excited
80%
that
80%
and
79%
babe
79%
plane
79%
guess
76%
believe
73%
like
73%
but
72%
It's
69%
(it's
69%
getting
68%
kinda
68%
All
66%
alone
65%
tried
64%
I'm
63%
read
63%
so
63%
bein'
62%
lonely)
61%
old
61%
true
60%
Wish
60%
call
59%
you'd
59%
(I'd
58%
have
57%
weren't
57%
('cause
56%
eyes
56%
over
56%
video
55%
obsession)
54%
connection)
52%
virtual
51%
need
48%
being
47%
right
45%
right)
45%
Make
43%
(make
43%
mine
43%
mine)
43%
Take
32%
(take
32%
time
29%
time)
29%
our
26%
connection)
3%
No matching quizzes found
Score Distribution
Percent of People with Each Score
Percentile by Number Answered
Your Score History
You have not taken this quiz